Scrabble Generator Puzzle #4 - Statistics

General Stats
  • This quiz has been taken 1,492 times
    1,166 since last reset
  • The average score is 13 of 24
Answer Stats
Answer % Correct
Him, that man He
90%
Spanish 'what' Qué
86%
Garbage Trash
85%
Brass instrument Tuba
81%
Money machine ATM
80%
Give weapons to Arm
79%
Gold Au
77%
X-Men publisher Marvel
74%
Resumé CV
69%
Chilled, frosted Iced
69%
Foal's mother Mare
67%
Golf shot Drive
59%
Give orders to Direct
55%
Trout's home Stream / Thames
55%
Chips or Magoo, eg. Mr
48%
BINGO BANQUET
44%
DVD predecessor VCR
41%
Bolero composer Ravel
35%
Zulu or Swahili Bantu
29%
Flammable gas Butane
29%
BINGO HAMSTER
25%
BINGO VERDICT
24%
Togo port Lomé
21%
BINGO REMOVAL
18%
No matching quizzes found
Score Distribution
Percent of People with Each Score
Percentile by Number Answered
Your Score History
You have not taken this quiz since the last reset